Normal view
MARC view
- Lu, Ning
Entry Personal Name
001 - CONTROL NUMBER
- control field: 96223
003 - CONTROL NUMBER IDENTIFIER
- control field: NUST
005 - DATE AND TIME OF LATEST TRANSACTION
- control field: 20220802104742.0
008 - FIXED-LENGTH DATA ELEMENTS
- fixed length control field: 220802|| aca||aabn | a|a d
040 ## - CATALOGING SOURCE
- Original cataloging agency: NUST
- Transcribing agency: NUST
100 ## - HEADING--PERSONAL NAME
- Personal name: Lu, Ning
670 ## - SOURCE DATA FOUND
- Source citation: Work cat.: (NUST)193555: Lu, Ning,, Fractal imaging /, 1997.
